[Event "Challenge"]
[Site "http://www.queenalice.com/game.php?id=1449629"]
[Date "2016.11.12"]
[Round "-"]
[White "zugzwangskie"]
[Black "jizaias"]
[Result "0-1"]
[WhiteElo "2087"]
[BlackElo "2354"]

1. e4 c5 2. d4 Nf6 3. e5 Nd5 4. dxc5 Qa5+ 5. c3 Qxc5 6. Nf3 d6 7. b4 Qc6 8. b5
Nxc3 9. bxc6 Nxd1 10. c7 Nc6 11. Bb5 Nxf2 12. Kxf2 g6 13. exd6 exd6 14. Bb2 Rg8
15. Rc1 Kd7 16. Nc3 Bg7 17. Ba4 g5 18. Rab1 g4 19. Nd5 gxf3 20. Bxg7 Rxg7 21.
Re1 b5 22. Bxb5 Bb7 23. Re7+ Kc8 24. Re8+ Kd7 25. gxf3 Rxe8 26. Nf6+ Ke7 27.
Nxe8 Kxe8 0-1

[Event "Challenge"]
[Site "http://www.queenalice.com/game.php?id=1450004"]
[Date "2016.11.13"]
[Round "-"]
[White "jizaias"]
[Black "Bzwugzwang"]
[Result "1-0"]
[WhiteElo "2358"]
[BlackElo "1500"]

1. e4 c5 2. Nc3 Nc6 3. Bb5 Nd4 4. Ba4 g6 5. Nf3 Bg7 6. O-O Qa5 7. Rb1 b5 8. Nxd4
cxd4 9. b4 Qa6 10. Nxb5 Be5 11. c3 d3 12. f4 Qb6+ 13. Kh1 Bg7 14. f5 Bb7 15. Qf3
Nf6 16. Re1 O-O 17. Nd4 e5 18. Nb3 d5 19. Nc5 dxe4 20. Qe3 1-0

[Event "Let's Play Chess!"]
[Site "http://www.queenalice.com/game.php?id=1458271"]
[Date "2017.1.6"]
[Round "-"]
[White "queen1"]
[Black "jizaias"]
[Result "0-1"]
[WhiteElo "1811"]
[BlackElo "2373"]

1. d4 b6 2. e4 Bb7 3. Bd3 Nf6 4. Nc3 e6 5. a3 h6 6. Be3 c5 7. Nf3 a6 8. e5 Nd5
9. Bd2 Be7 10. Nxd5 Bxd5 11. c3 Nc6 12. O-O cxd4 13. cxd4 d6 14. Qe2 Bxf3 15.
Qxf3 Nxd4 16. Qd1 dxe5 17. Bc3 O-O 18. Bxd4 exd4 19. Qe2 a5 20. Rad1 Qd6 21.
Rfe1 Bf6 22. Be4 Rac8 23. Rd3 Rc5 24. Red1 Rfc8 25. Qf3 Rc1 26. g3 e5 27. Kg2 g6
28. Rxc1 Rxc1 29. Rd1 Rxd1 30. Qxd1 Be7 31. f3 Qc5 32. Qc2 Qxc2+ 33. Bxc2 Bg5
34. h4 Bc1 35. b4 Bxa3 36. bxa5 bxa5 37. Kf2 Kg7 38. Ke2 Bb4 39. Ba4 h5 40. Bb3
f5 41. Bc2 Kf6 42. Ba4 e4 43. f4 d3+ 44. Ke3 Be1 45. Bb3 Bxg3 46. Bd1 Bxh4 0-1

[Event "Challenge"]
[Site "http://www.queenalice.com/game.php?id=1458475"]
[Date "2017.1.8"]
[Round "-"]
[White "zugzwangskie"]
[Black "jizaias"]
[Result "0-1"]
[WhiteElo "2159"]
[BlackElo "2366"]

1. e4 e5 2. Nf3 Nc6 3. Bc4 h6 4. d4 exd4 5. Nxd4 Ne5 6. Bb3 Nf6 7. Nc3 Bb4 8. f4
Nxe4 9. O-O Bxc3 10. fxe5 Bxd4+ 11. Qxd4 Ng5 12. Bxg5 Qxg5 13. Rxf7 c6 14. Raf1
Qg6 15. Qf4 Kd8 0-1

[Event "Challenge"]
[Site "http://www.queenalice.com/game.php?id=1458477"]
[Date "2017.1.8"]
[Round "-"]
[White "zugzwangskie"]
[Black "jizaias"]
[Result "0-1"]
[WhiteElo "2165"]
[BlackElo "2360"]

1. e4 c5 2. Nf3 d5 3. exd5 Qxd5 4. Nc3 Qh5 5. d4 cxd4 6. Nb5 Na6 7. Qxd4 Nf6 8.
Bg5 Qg4 9. Bf4 Nd7 10. O-O-O Qf5 11. Bc4 e6 12. Rhe1 Bc5 13. Nd6+ Bxd6 0-1

[Event "Let's Play Chess!"]
[Site "http://www.queenalice.com/game.php?id=1462991"]
[Date "2017.2.5"]
[Round "-"]
[White "valdenicio"]
[Black "jizaias"]
[Result "0-1"]
[WhiteElo "1862"]
[BlackElo "2372"]

1. Nf3 b6 2. g3 Bb7 3. Bg2 e5 4. O-O e4 5. Nh4 Nh6 6. Bh3 g5 7. Nf5 g4 8. Nxh6
gxh3 9. Ng4 f5 10. Ne5 b5 11. d4 d6 12. Bf4 Bg7 13. e3 O-O 14. Qh5 dxe5 15. dxe5
Nc6 16. Nc3 b4 17. Nb5 Nxe5 18. Bxe5 Bxe5 19. Qxh3 c5 20. Qh6 Rf6 21. Qg5+ Kh8
0-1

[Event "aperturaf"]
[Site "http://www.queenalice.com/game.php?id=1463801"]
[Date "2017.2.11"]
[Round "-"]
[White "aperturaf"]
[Black "jizaias"]
[Result "1-0"]
[WhiteElo "2116"]
[BlackElo "2374"]

1. e4 e5 2. Nf3 Nc6 3. d4 exd4 4. Nxd4 Bc5 5. Be3 Qf6 6. c3 Nge7 7. Bc4 Ne5 8.
Be2 O-O 9. O-O d6 10. f4 N5c6 11. Qd2 Bd7 12. Na3 Bxa3 13. bxa3 Qh4 14. Nf3 Qf6
15. f5 Ne5 16. Bg5 Nxf3+ 17. Rxf3 Qe5 18. f6 Ng6 19. fxg7 Rfe8 20. Rf2 Qxg7 21.
Raf1 Be6 22. Bf6 Qf8 23. h4 h6 24. Rf3 Kh7 25. h5 Ne5 26. Rg3 b6 27. Bb5 Reb8
28. Bc6 Nxc6 29. e5 1-0

[Event "Challenge"]
[Site "http://www.queenalice.com/game.php?id=1464759"]
[Date "2017.2.15"]
[Round "-"]
[White "zugzwangskie"]
[Black "jizaias"]
[Result "0-1"]
[WhiteElo "2145"]
[BlackElo "2374"]

1. e4 e5 2. Nf3 Nc6 3. Bc4 Bc5 4. b4 Bxb4 5. c3 Be7 6. d4 exd4 7. Qb3 dxc3 8.
Bxf7+ Kf8 9. Bxg8 Rxg8 10. Nxc3 h6 11. O-O d6 12. Re1 Bf6 13. e5 Nxe5 0-1

[Event "Challenge"]
[Site "http://www.queenalice.com/game.php?id=1475094"]
[Date "2017.4.24"]
[Round "-"]
[White "zugzwangskie"]
[Black "jizaias"]
[Result "1-0"]
[WhiteElo "2352"]
[BlackElo "2379"]

1. e4 d5 2. exd5 Qxd5 3. Nc3 Qa5 4. d4 Nf6 5. Nf3 Bg4 6. h3 Bh5 7. g4 Bg6 8. Ne5
Nbd7 9. Nc4 Qa6 10. Bf4 Ne4 11. Nd6+ Qxd6 12. Bxd6 Nxc3 13. bxc3 exd6 14. Qe2+
Be7 15. f4 O-O 16. f5 Rfe8 17. Qf3 Bg5+ 18. Kd1 Re3 19. Qxb7 Rae8 20. Bb5 1-0

[Event "Challenge"]
[Site "http://www.queenalice.com/game.php?id=1475095"]
[Date "2017.4.24"]
[Round "-"]
[White "zugzwangskie"]
[Black "jizaias"]
[Result "1-0"]
[WhiteElo "2413"]
[BlackElo "2366"]

1. e4 e5 2. Nf3 Nc6 3. Bc4 Nf6 4. d3 Be7 5. O-O O-O 6. Re1 d6 7. a4 Bg4 8. c3 d5
9. exd5 Nxd5 10. h3 Bxf3 11. Qxf3 Nf6 12. Nd2 a6 13. Nf1 Qd7 14. Ne3 Rfe8 15.
Nf5 Kf8 16. Nh6 Nd8 17. Bg5 Qd6 18. Nf5 Qc6 19. Qg3 Bc5 20. b4 Bb6 21. Rxe5 Nh5
22. Rxe8+ Qxe8 23. Qf3 f6 24. Bd2 Qg6 25. Re1 Nf7 26. Ne7 1-0

[Event "Challenge"]
[Site "http://www.queenalice.com/game.php?id=1478802"]
[Date "2017.5.19"]
[Round "-"]
[White "bobjgirl"]
[Black "jizaias"]
[Result "0-1"]
[WhiteElo "2340"]
[BlackElo "2366"]

1. Nf3 b6 2. c4 Bb7 3. Nc3 Bxf3 4. gxf3 Nc6 5. d4 e6 6. e4 Bb4 7. Qd3 Qh4 8. Be3
Nge7 9. O-O-O O-O 10. Be2 Ng6 11. Qd2 f5 12. d5 Nce7 13. Bg5 Qh3 14. Rdg1 f4 15.
a3 Bc5 16. Bxe7 Bxe7 17. Nb5 c6 18. Nd4 cxd5 19. exd5 exd5 20. cxd5 Qh5 21. Nc2
Bc5 22. d6 Kh8 23. Bd3 Rf6 24. Bxg6 hxg6 25. Rg4 Qh6 26. Rhg1 Rc8 27. Kb1 Rxd6
28. Qxf4 Qxf4 29. Rxf4 Bxf2 30. Rf1 Rd2 31. Rc1 d5 32. Rg4 Rf8 33. f4 Kh7 34.
Ne1 Be3 35. Ng2 Rxg2 36. Rxg2 Bxc1 37. Kxc1 Rxf4 38. Rd2 Rf5 39. Kc2 g5 40. Kc3
Kg6 41. Kb4 a6 42. a4 Rf4+ 43. Kb3 d4 44. Kc4 d3+ 45. Kb3 Rf3 46. Kc3 g4 47.
Rxd3 Rxd3+ 48. Kxd3 Kg5 49. Ke4 Kh4 50. b4 Kh3 51. Kf4 Kxh2 52. Kxg4 Kg2 53. Kf5
Kf3 54. Ke5 Ke3 55. Kd5 g5 56. Kc6 g4 57. Kxb6 g3 58. Kxa6 g2 0-1

[Event "Challenge"]
[Site "http://www.queenalice.com/game.php?id=1478803"]
[Date "2017.5.19"]
[Round "-"]
[White "jizaias"]
[Black "bobjgirl"]
[Result "1/2-1/2"]
[WhiteElo "2366"]
[BlackElo "2352"]

1. e4 e5 2. Nf3 Nc6 3. Bb5 a6 4. Ba4 Nf6 5. Bxc6 dxc6 6. O-O Bg4 7. h3 Be6 8.
Nxe5 Nxe4 9. Re1 Nf6 10. Nc3 Be7 11. Qe2 O-O 12. Nxf7 Bxf7 13. Qxe7 Qc8 14. Qc5
Qd7 15. d3 b6 16. Qa3 c5 17. Be3 Be6 18. Re2 Bxh3 19. gxh3 Qxh3 20. Bf4 Nh5 21.
Qb3+ Kh8 22. Bxc7 Nf4 23. Bxf4 Rxf4 24. Ne4 Rg4+ 25. Ng3 Rxg3+ 26. fxg3 Qxg3+
27. Kh1 Qh3+ 28. Kg1 Qg3+ 29. Rg2 Qe3+ 30. Kh2 Qh6+ 31. Kg3 Qe3+ 32. Kh2 Qh6+
33. Kg1 Qe3+ 34. Kh1 Qh3+ 35. Rh2 Qf3+ 36. Kg1 Qg3+ 37. Rg2 Qe3+ 38. Kh1 Qh3+
39. Rh2 Qf3+ 40. Kg1 Qg3+ 41. Kh1 Qf3+ 42. Rg2 Qh3+ 43. Rh2 1/2-1/2

[Event "Let's Play Chess!"]
[Site "http://www.queenalice.com/game.php?id=1508923"]
[Date "2017.12.22"]
[Round "-"]
[White "jizaias"]
[Black "paolop69"]
[Result "1-0"]
[WhiteElo "2345"]
[BlackElo "1764"]

1. e4 e5 2. d4 d6 3. dxe5 dxe5 4. Qxd8+ Kxd8 5. Bc4 Be6 6. Bxe6 fxe6 7. Nf3 Nc6
8. O-O Nf6 9. Bg5 Be7 10. Nbd2 h6 11. Bh4 Nh5 12. Bxe7+ Kxe7 13. Nc4 b6 14.
Ncxe5 Nxe5 15. Nxe5 Kf6 16. Ng4+ Kg5 17. h3 Rhf8 18. Rad1 Nf4 19. Rd7 Ne2+ 20.
Kh2 Nf4 21. Rxg7+ Ng6 22. Rxc7 a5 23. Rc6 h5 24. Ne3 Ne5 25. Rxe6 Ng6 26. Rxb6
Kf4 27. Rxg6 Kxe4 28. Rh6 a4 29. Rxh5 Rab8 30. Rh4+ Ke5 31. Nc4+ Kd5 32. Rd1+
Kc5 33. f3 Rfe8 34. Rd2 Rb4 35. b3 axb3 36. cxb3 Ra8 37. Rh5+ Kc6 38. Rd6+ Kc7
39. Rh7+ Kc8 40. Nb6+ Rxb6 41. Rxb6 1-0

[Event "Let's Play Chess!"]
[Site "http://www.queenalice.com/game.php?id=1510949"]
[Date "2018.1.8"]
[Round "-"]
[White "jizaias"]
[Black "charles31"]
[Result "1-0"]
[WhiteElo "2346"]
[BlackElo "1749"]

1. e4 e5 2. Nf3 a6 3. d4 exd4 4. Qxd4 Nc6 5. Qc4 h6 6. Nc3 Nf6 7. e5 Qe7 8. Qe2
Nh7 9. Nd5 Qc5 10. Nxc7+ Kd8 11. Nxa8 b5 12. Be3 Qb4+ 13. c3 Qe4 14. Bb6+ 1-0

[Event "Challenge"]
[Site "http://www.queenalice.com/game.php?id=1512011"]
[Date "2018.1.15"]
[Round "-"]
[White "jizaias"]
[Black "Jerzy"]
[Result "1-0"]
[WhiteElo "2334"]
[BlackElo "2287"]

1. e4 c5 2. Nf3 d6 3. d4 cxd4 4. Nxd4 Nf6 5. Nc3 a6 6. Be2 e5 7. Nb3 Be7 8. O-O
Be6 9. a4 O-O 10. f4 exf4 11. Bxf4 Nbd7 12. Nd4 Nc5 13. Bf3 Bc8 14. Qd2 Ne6 15.
Be3 Qc7 16. Rad1 Nxd4 17. Bxd4 Rd8 18. Qf2 Re8 19. Bxf6 Bxf6 20. Nd5 Qd8 21.
Nxf6+ Qxf6 22. Qb6 g6 23. Rxd6 Qg5 24. c3 Qe7 25. Rfd1 Be6 26. e5 Bf5 27. Re1
Rab8 28. Bd5 Red8 29. Rf1 Rxd6 30. exd6 Qd7 31. Qc7 Rd8 32. g4 Be6 33. Bxe6 fxe6
34. Qxd7 Rxd7 35. Rd1 Kf7 36. c4 Ke8 37. c5 Rf7 38. Rd4 Kd7 39. Kg2 a5 40. Kg3
Rf1 41. Rf4 Rb1 42. Rf7+ Kc8 43. Rc7+ Kb8 44. Rxh7 Kc8 45. Rc7+ Kb8 46. Rg7 Kc8
47. Rxg6 Rxb2 48. Rxe6 Rb4 49. h4 Rxa4 50. h5 1-0

[Event "Challenge"]
[Site "http://www.queenalice.com/game.php?id=1512012"]
[Date "2018.1.15"]
[Round "-"]
[White "Jerzy"]
[Black "jizaias"]
[Result "0-1"]
[WhiteElo "2293"]
[BlackElo "2347"]

1. d4 d5 2. Nf3 Bg4 3. Nbd2 Nf6 4. e3 Nbd7 5. c4 e6 6. Bd3 Bb4 7. O-O c5 8. a3
Bxd2 9. Bxd2 Qc7 10. Rc1 e5 11. dxe5 Nxe5 12. Be2 Bxf3 13. Bxf3 dxc4 14. Bc3 O-O
15. h3 Rad8 16. Qe2 Nxf3+ 17. Qxf3 Nd5 18. Qe2 b5 19. Rfd1 Rfe8 20. Qf3 Nxc3 21.
Rxc3 Rxd1+ 22. Qxd1 Rd8 23. Qe2 h6 24. g3 Qd7 25. Kh2 Qd2 26. Rc2 Qd3 27. h4 b4
28. a4 b3 29. Qxd3 cxd3 30. Rd2 c4 0-1

[Event "Let's Play Chess!"]
[Site "http://www.queenalice.com/game.php?id=1516302"]
[Date "2018.2.17"]
[Round "-"]
[White "Juuca"]
[Black "jizaias"]
[Result "1-0"]
[WhiteElo "1636"]
[BlackElo "2357"]

1. d4 d5 2. Nf3 h6 3. c4 dxc4 4. e4 b5 5. a4 c6 6. b3 cxb3 7. axb5 Bg4 8. Qxb3
Bxf3 9. gxf3 Qxd4 10. Bb2 Qb6 11. Nd2 Nd7 12. Ra6 Nc5 13. Rxb6 Nxb3 14. Rxc6
Nxd2 15. Kxd2 Nf6 16. Bc4 e6 17. Ra1 Kd7 18. Ke3 Be7 19. Bd4 Rhc8 20. Rxc8 Kxc8
21. b6 a5 22. Rc1 Kb8 23. Bb5 Bd6 24. Bc6 Ra6 25. e5 Ba3 26. Ra1 Bb2 27. exf6
1-0

[Event "Let's Play Chess!"]
[Site "http://www.queenalice.com/game.php?id=1518249"]
[Date "2018.3.4"]
[Round "-"]
[White "jizaias"]
[Black "ulisses34"]
[Result "1-0"]
[WhiteElo "2345"]
[BlackElo "1725"]

1. d4 d5 2. h3 e6 3. Nf3 Nc6 4. Nbd2 Nf6 5. g3 Ne4 6. Bg2 Nxd2 7. Bxd2 a5 8. O-O
Be7 9. c4 dxc4 10. Qa4 Qd5 11. Ne5 b5 12. Bxd5 1-0

[Event "Challenge"]
[Site "http://www.queenalice.com/game.php?id=1518264"]
[Date "2018.3.3"]
[Round "-"]
[White "jizaias"]
[Black "mmagari"]
[Result "0-1"]
[WhiteElo "2333"]
[BlackElo "2324"]

1. e4 g6 2. d4 Bg7 3. Nf3 d6 4. Bc4 e6 5. Nc3 Ne7 6. O-O Nd7 7. Bf4 b6 8. Qd2 h6
9. Rfe1 Bb7 10. Bg3 a6 11. Bh4 b5 12. Bd3 g5 13. Bg3 g4 14. Nh4 h5 15. Rad1 Bh6
16. Qe2 Nc6 17. d5 Nd4 18. Qf1 e5 19. f3 Bg5 20. Nf5 gxf3 21. Nxd4 exd4 22. Nb1
fxg2 23. Qxg2 Rg8 24. Kh1 Bf4 25. Qf2 Bxg3 26. hxg3 h4 27. gxh4 Rg4 28. Bf1
Rxh4+ 29. Kg1 Qg5+ 30. Bg2 Ne5 31. Nd2 Rf4 32. Qxd4 O-O-O 33. Qe3 Rg8 34. Qh3+
Kb8 35. Re2 Bc8 0-1

[Event "Challenge"]
[Site "http://www.queenalice.com/game.php?id=1518265"]
[Date "2018.3.3"]
[Round "-"]
[White "jizaias"]
[Black "mmagari"]
[Result "0-1"]
[WhiteElo "2309"]
[BlackElo "2348"]

1. d4 g6 2. e4 c6 3. Nf3 d5 4. Nc3 dxe4 5. Nxe4 Bg7 6. Bc4 Nf6 7. Neg5 O-O 8.
Nxf7 Rxf7 9. Ne5 Nd5 10. Nxf7 Kxf7 11. Bg5 Bf5 12. O-O Bf6 13. Bxf6 exf6 14. Re1
Nd7 15. Bb3 Nb6 16. c3 a5 17. Qe2 a4 18. Bc2 Nf4 19. Qd2 Bxc2 20. Qxc2 Qd5 21.
Re4 Qg5 22. g3 Nbd5 23. Rae1 f5 24. Re5 Qg4 25. Qd1 Qxd1 26. Rxd1 Ne6 27. Rde1
Ng5 28. Kg2 Ne4 29. f3 Nd6 30. Re6 Rd8 31. a3 Nc4 32. R6e2 f4 33. Kf2 g5 34. Kg1
Rd6 35. gxf4 gxf4 36. h3 Rg6+ 37. Kh2 Rg3 38. Rf2 Nce3 39. Rg1 Nf5 40. Rff1 Nde3
41. Rf2 Ke6 0-1

[Event "Challenge"]
[Site "http://www.queenalice.com/game.php?id=1519055"]
[Date "2018.3.10"]
[Round "-"]
[White "mmagari"]
[Black "jizaias"]
[Result "1-0"]
[WhiteElo "2311"]
[BlackElo "2346"]

1. d4 b6 2. e4 Bb7 3. Bd3 f5 4. exf5 Bxg2 5. Qh5+ g6 6. fxg6 Bg7 7. gxh7+ Kf8 8.
Nf3 Nf6 9. Qg6 Bxf3 10. Rg1 Rxh7 11. Qg3 Be4 12. Bxe4 Nxe4 13. Qf3+ Kg8 14. Qxe4
d5 15. Qe6+ Kh8 16. Nc3 Bxd4 17. Ne2 Bg7 18. Nf4 Rxh2 19. Ng6+ Kh7 20. Bf4 1-0

[Event "Challenge"]
[Site "http://www.queenalice.com/game.php?id=1519056"]
[Date "2018.3.10"]
[Round "-"]
[White "jizaias"]
[Black "mmagari"]
[Result "0-1"]
[WhiteElo "2321"]
[BlackElo "2336"]

1. b3 e5 2. Bb2 d6 3. g3 Nf6 4. Bg2 g6 5. c4 Bg7 6. Nf3 O-O 7. Nc3 Nbd7 8. O-O
c6 9. d4 e4 10. Ne1 d5 11. f3 exf3 12. Nxf3 dxc4 13. bxc4 Re8 14. Qd3 Ng4 15.
Nd1 Nb6 16. h3 Bf5 17. Qb3 Rxe2 18. hxg4 Bc2 19. Qb4 a5 20. Qc3 Na4 21. Qa3 Nxb2
22. Qxb2 Bxd1 23. Qxb7 Rb8 24. Qa7 Re7 25. Qxe7 Qxe7 26. Raxd1 Rb2 27. Rfe1 Qa3
28. c5 Kf8 29. Re4 Qxa2 30. Bf1 Qb3 31. Rd3 Qc2 0-1